Вып. 82; Организация и планирование отраслей народного хозяйства

Библиографические подробности
Источник:Организация и планирование отраслей народного хозяйства: республиканский межведомственный научный сборник/ Научно-исследовательский экономический институт , Госплан УССР ;. Вып. 82.— , 1965-1991
Примечания:Исключено из фонда НТБ ТПУ
Язык:русский
Опубликовано: 1986
Формат: MixedMaterials Книга
Запись в KOHA:https://koha.lib.tpu.ru/cgi-bin/koha/opac-detail.pl?biblionumber=279174

MARC

LEADER 00000nam2a2200000 4500
001 279174
005 20231031232001.0
035 |a (RuTPU)RU\TPU\book\302452 
090 |a 279174 
100 |a 20141217d1986 k y0rusy50 ca 
101 0 |a rus 
102 |a UA 
105 |a a z 001zy 
200 0 |a Вып. 82 
210 |d 1986 
215 |a 137 с.  |c ил. 
333 |a Исключено из фонда НТБ ТПУ 
461 1 |0 (RuTPU)RU\TPU\book\162113  |t Организация и планирование отраслей народного хозяйства  |o республиканский межведомственный научный сборник  |f Научно-исследовательский экономический институт , Госплан УССР ;   |v Вып. 82  |d 1965-1991 
801 1 |a RU  |b 63413507  |c 20141217 
801 2 |a RU  |b 63413507  |c 20220413  |g RCR 
942 |c BK